Un Vrai bonheur / (Record no. 112874)
[ view plain ]
| 000 -CABECERA | |
|---|---|
| campo de control de longitud fija | 01005naa a22002777a 4500 |
| 001 - NÚMERO DE CONTROL | |
| campo de control | vtls002266923 |
| 003 - IDENTIFICADOR DEL NÚMERO DE CONTROL | |
| campo de control | ES-BaIT |
| 005 - FECHA Y HORA DE LA ÚLTIMA TRANSACCIÓN | |
| campo de control | 20260225121722.0 |
| 007 - CAMPO FIJO DE DESCRIPCIÓN FÍSICA--INFORMACIÓN GENERAL | |
| campo de control de longitud fija | t| |
| 008 - DATOS DE LONGITUD FIJA--INFORMACIÓN GENERAL | |
| campo de control de longitud fija | 111114s2003 fr o || |000 |fre|| |
| 010 ## - NÚMERO DE CONTROL DE LA BIBLIOTECA DEL CONGRESO | |
| Número de control de LC | 2266923 |
| 035 ## - NÚMERO DE CONTROL DEL SISTEMA | |
| Número de control de sistema | 2266-92360 |
| -- | ES-BaIT035 |
| 039 #9 - NIVEL DE CONTROL BIBLIOGRÁFICO Y DETALLES DE CODIFICACIÓN [OBSOLETO] | |
| Nivel de reglas en descripción bibliográfica | 201403080715 |
| Nivel de esfuerzo utilizado para asignar no-encabezamientos de materia en puntos de acceso | VLOAD |
| Nivel de esfuerzo utilizado en la asignación de encabezamientos de materia | 201303100034 |
| Nivel de esfuerzo utilizado para asignar clasificación | VLOAD |
| Nivel de esfuerzo utilizado en la asignación de encabezamientos de materia | 201111141624 |
| Nivel de esfuerzo utilizado para asignar clasificación | VLOAD |
| -- | 201110060138 |
| -- | VLOAD |
| 080 ## - NÚMERO DE LA CLASIFICACIÓN DECIMAL UNIVERSAL | |
| Número de la Clasificación Decimal Universal | 840-2"20" |
| 100 ## - ENTRADA PRINCIPAL--NOMBRE DE PERSONA | |
| Nombre de persona | Caron, Didier |
| 9 (RLIN) | 113483 |
| 245 13 - MENCIÓN DE TÍTULO | |
| Título | Un Vrai bonheur / |
| Mención de responsabilidad, etc. | écrit et mis en scène par Didier Caron |
| 500 ## - NOTA GENERAL | |
| Nota general | P12: D6, H6 |
| 500 ## - NOTA GENERAL | |
| Nota general | Estrena 2002-07-09 Théâtre Fontaine (França) |
| 505 8# - NOTA DE CONTENIDO CON FORMATO | |
| Nota de contenido con formato | Inclou: fitxa tècnica de l'espectacle i algun article sobre l'obra |
| 600 14 - PUNTO DE ACCESO ADICIONAL DE MATERIA--NOMBRE DE PERSONA | |
| Nombre de persona | Caron, Didier. |
| Título de la obra | Vrai bonheur |
| Subdivisión general | Escenificacions |
| 9 (RLIN) | 113484 |
| 773 0# - ENLACE AL DOCUMENTO FUENTE/ENTRADA DE REGISTRO ANFITRIÓN | |
| Subcampo de control | nnas |
| Número de control del registro | vtls000003295 |
| Título | L'Avant-scène Théatre |
| Lugar, editor y fecha de publicación | Paris : L'Avant-scène, [1961]-%%%% |
| Número Internacional Normalizado para Publicaciones Seriadas | 0045-1169 |
| Parte(s) relacionada(s) | Nº 1127, janvier, 2003, p. 4-64 |
| Enlace entre campo y número de secuencia | 1127 |
| Número bibliográfico anfitrión | 2655 |
| 790 ## - Identificador-font | |
| w | 00451169 |
| 790 ## - Identificador-font | |
| a | 000329560 |
| -- | 7996--2003 |
| 940 ## - EQUIVALENCIA O REFERENCIA-CRUZADA--TÍTULO UNIFORME [OBSOLETO] [solamente CAN/MARC] | |
| Título uniforme | <a href="IT">IT</a> |
| 942 ## - ELEMENTOS DE ENTRADA AGREGADA (KOHA) | |
| Tipo de ítem Koha | Article |
No items available.


